000 00453nam a2200133 4500
005 20260410124824.0
008 260410b |||||||| |||| 00| 0 eng d
020 _a978-32985-5-0
100 _aIke E. Emeka
245 _aEssential Principles of Physics for Senior Secondary School and Also OND and Remedials
_c/Emeka E Ike
260 _aJos, Nigeria;
_bEnic Education Consultants and Publishers;
_c2021
300 _axvi,732p.ill;
_c22cm
942 _2lcc
_n0
_cBK
999 _c214
_d214